000 00741nam a2200217Ia 4500
008 191130s1994##################000#0#eng##
020 _a9780521477635
022 _a93041566
040 _aACL
_cACL
082 _a320 HER
100 _aHerbst, Susan
245 _aPolitics at the margin : historical studies of public expression outside the mainstream
_cSusan Herbst
260 _aCambridge
_bCambridge University Press
_c1994
300 _ax, 231 p. : ill. ; 24 cm
500 _aIncludes bibliographical references (p. 211-221) and index
650 _aCommunication in politics - Case studies
650 _aMarginality, Social - Case studies
990 _a7b679014ac10000c5fa002224b5ef204
991 _a190863
999 _c387112
_d387112